Szczegóły MARC21

Rynek kart płatniczych : historia i perspektywy plastikowego pieniądza /

003 -Nazwa inst., której nr kontr. jest w polu 001 [,]
    • @
    • Nazwa instytucji, której n kontrolny jest w polu 001
    • NUKAT
005 -DATA I CZAS OSTATNIEJ MODYFIKACJI [,]
    • @
    • pole kontrolne
    • 20241231094100.0
020 -Międzynarod. znormalizowany nr książki - ISBN [ , ]
    • a
    • Numer ISBN
    • 838580918X Find
040 -Instytucja sporządzająca opis [ , ]
    • a
    • Instytucja, która sporządziła opis (NP)
    • WR U/ms
    • c
    • Instytucja, która sporządziła rekord (NP)
    • WR U/ms
    • d
    • Instytucja, która zmodyfikowała rekord (P)
    • WR U/dl
    • d
    • Instytucja, która zmodyfikowała rekord (P)
    • Ł U/MSs
942 -Rodzaj dokumentu [ , ]
    • c
    • Rodzaj dokumentu
    • Książka
100 -Hasło główne - nazwa osobowa [1, ]
    • a
    • Nazwa osobowa (NP)
    • Flejterski, Stanisław
    • d
    • Daty biograficzne (NP)
    • (1948- ).
    • 9
    • KHW
    • 16
245 -Strefa tytułu i oznaczenia odpowiedzialności [1,0]
    • a
    • Tytuł
    • Rynek kart płatniczych : Find
    • b
    • Ciąg dalszy tytułu (NP)
    • historia i perspektywy plastikowego pieniądza / Find
    • c
    • Pozostałe elementy strefy tytułu i oznaczenia odpowiedzialności (NP)
    • Stanisław Flejterski, Beata Świecka ; [il. Henryk Sawka].
260 -Strefa adresu wydawniczego [ , ]
    • a
    • Miejsce wydania (P)
    • Szczecin :
    • b
    • Nazwa wydawcy (P)
    • Wydawnictwo Zachodniopomorskiej Szkoły Businessu,
    • c
    • Data wydania (P)
    • 1996.
300 -Strefa opisu fizycznego [ , ]
    • a
    • Określenie formy książki i/lub objętość (NP)
    • 131 s. :
    • b
    • Oznaczenie ilustracji (NP)
    • il. (głównie kolor.), mapa ;
    • c
    • Format (NP)
    • 21x21 cm.
336 -Typ zawartości [ , ]
    • a
    • Termin opisujący typ zawartości
    • Tekst
    • b
    • Kod określający zawartość
    • txt
    • 2
    • Źródło (terminu i kodu)
    • rdacontent
337 -Typ mediów [ , ]
    • a
    • Tryb odtwarzania
    • Bez urządzenia pośredniczącego
    • b
    • Kod typu mediów
    • n
    • 2
    • Źródło (terminu i kodu)
    • rdamedia
338 -Typ/rodzaj nośnika [ , ]
    • a
    • Hasło opisujące typ nośnika
    • Wolumin
    • b
    • Kod typu nośnika
    • nc
    • 2
    • Źródło (terminu i kodu)
    • rdacarrier
504 -Uwaga dot. bibliogr. załącznikowej [ , ]
    • a
    • Uwaga dot. bibliografii załącznikowej
    • Bibliogr. s. 127-131.
080 -Uniwersalna Klasyfikacja Dziesiętna [ , ]
    • a
    • Symbol klasyfikacji
    • 336.717.1(100)(091)
650 -Hasło przedmiotowe [ ,7]
    • a
    • Hasło przedmiotowe
    • Karty bankowe.
    • 2
    • Źródło terminu
    • kaba
    • 9
    • KHW
    • 114097
980 -Symbol UKD [ , ]
    • a
    • UKD
    • 336.717.1(100)(091)
700 -Hasło dodatkowe - nazwa osobowa [1, ]
    • a
    • Nazwa osobowa (NP)
    • Świecka, Beata. Find
    • 9
    • KHW
    • 884
700 -Hasło dodatkowe - nazwa osobowa [1, ]
    • a
    • Nazwa osobowa (NP)
    • Sawka, Henryk Find
    • d
    • Daty biograficzne (NP)
    • (1958- ).
    • e
    • Określenie rodzaju współpracy
    • Il.
    • 9
    • KHW
    • 98409
920 -ISBN [ , ]
    • a
    • ISBN
    • 83-85809-18-X Find
Status udost. Numer inwentarzowy Sygnatura Data inwentaryzacji Lokalizacja
-2E.63875 1996-10-10BE
-3S.79471 1996-10-10BE
-2S.94564 2013-01-25BE
-3GW.53203362015-10-23GW
-3T.2624 2000-06-09T
-2T.3078T.30782000-08-23T
-3T.5075 2001-03-30T
-3T.5076 2001-03-30T